Регионална библиотека "Любен Каравелов" - Русе

Русенски пътеки към Димитров (Запис номер 83605)

MARC детайли
000 -Лидер
Контролно поле с фиксирана дължина 01763nam a2200409 c 4500
003 - Код на организацията, давaща контролен номер
Контролно поле BLK
005 - Дата и час на последна редакция
Контролно поле 20240319130313.0
008 - Елементи от данни с фиксирана дължина
fixed length control field 180408b bul|||||r ||||||| ||bul||
010 ## - Наследен системен номер
LC control number KNG00088169000
040 ## - Източник на каталожния запис
Идентификатор на билиотеката - собственик на записа BLK
041 ## - Код за език
Код за езика на текст/звукозапис или на отделно заглавие Български
Код за езика КДБФ Български
080 ## - УДК
Текстов определител УДК Персоналии на дейци на партията
УДК код - определител по УДК 329(092)
УДК определител (497.215)
УДК - код + определител 329(092)(497.215)
080 ## - УДК
Текстов определител УДК Михайлов, Георги Димитров. Български политик, ръководител на БКП и генерален секретар на Коминтерна, министър-председател
УДК код - определител по УДК 929 Димитров, Георги
УДК - код + определител 929 Димитров, Георги
100 ## - Редна дума - Автор
Автор Антонова, Галина Александрова
Дати, свързани с автора 1951-
R(LIN) 301058
139 ## - Редно поле
Редна дума Антонова, Галина и др.
Авторски знак Дими - Д 58
245 10 - Сведения за заглавието
Заглавие Русенски пътеки към Димитров
Редно поле (дума) Галина Антонова; съавт. Живодар Иванов Душков.
257 ## - Страна на издаване
Страна на създаване/издаване България
260 ## - Област на издателските данни
Име на издателя, разпространителя и проч. ОК на БКП
Година на издаване 1982
300 ## - Физическа характеристика
Страници 168 с.
Размери/Мащаб 20 см
380 ## - Жанр
Жанр История
600 14 - Име на лице, използвано като предмет
За него / За нея Димитров, Георги
9 (RLIN) 246718
650 #4 - Допълнително описание по предмет – тема
Основно описание – тема или топоним Идеология, комунистическа - България
9 (RLIN) 245883
651 #4 - Допълнително описание по предмет - топоним
Географско понятие България
9 (RLIN) 241624
651 #4 - Допълнително описание по предмет - топоним
Географско понятие Русе
9 (RLIN) 179462
653 ## - Ключова дума – ненормативна
Ключова дума Георги Димитров
653 ## - Ключова дума – ненормативна
Ключова дума комунистическа идеология
700 ## - Други автори (авторска отговорност)
Лично име Душков, Живодар Иванов
Автороска отговорност (Описва отношението между автора и произведението) съавт.
9 (RLIN) 368890
852 ## - Местоположение
Форматна сигнатура Цб 115244
852 ## - Местоположение
Форматна сигнатура К 329(092)/Д 78 Г
856 4# - Електронен адрес и достъп
Електронен формат pdf - файл
856 4# - Електронен адрес и достъп
Електронен формат pdf - файл
999 ## - СИСТЕМНИ КОНТРОЛНИ НОМЕРА
Koha biblionumber 83605
Koha biblioitemnumber 83605
942 ## - АРТИКУЛИ
Вид на библиотечния материал Книги
Скрит в OPAC Не
Периодичен библиозапис Да
944 ## - СЪЗДАВАНЕ И РЕДАКЦИЯ на ЗАПИСА
Създаване/Редакция Създаване
Дата на регистрацията/редакция 01.02.2012
Служител, извършил регистрацията/редакцията 30553
Статус, дата на статуса Иваничка Йорданова
944 ## - СЪЗДАВАНЕ И РЕДАКЦИЯ на ЗАПИСА
Създаване/Редакция Редакция
Дата на регистрацията/редакция 24.08.2015
Служител, извършил регистрацията/редакцията Валя_Йорданова
999 ## - СИСТЕМНИ КОНТРОЛНИ НОМЕРА
Koha biblioitemnumber 83605
999 ## - СИСТЕМНИ КОНТРОЛНИ НОМЕРА
Koha biblioitemnumber 83605
Наличности
Код за отписване Код за изгубен артикул Източник на класификационната схема Код за повреда Коз за рестрикции Код за отдаване Артикулен № Име на библиотеката - собственик Име на библиотеката, в която се намира в момента Статус (Текущо местоположение) Дата на вписване в системата Местоположение - отдел Цена в лева Инвентарен номер Систематично азбучна сигнатура Баркод Номер на екземпляра Цена в евро Служебна бележка Служебен тип на артикула
  Не е изгубен Universal Decimal Classification Не е повреден без рестрикции ползва се в читалня 135943 Регионална библиотека "Любен Каравелов" Русе Регионална библиотека "Любен Каравелов" Русе Хранилище 1983-01-01 Хранилище 0.80 354518 Цб 115244 120000354518 1 0.41 Дост: Dp Вид: Д N: стар фонд Дата: 01.01.1983 Книги
  Не е изгубен Universal Decimal Classification Не е повреден без рестрикции ползва се в читалня 135944 Регионална библиотека "Любен Каравелов" Русе Регионална библиотека "Любен Каравелов" Русе Краезнание 1983-01-01 Краезнание 0.80 354523 К 329(092)/Д 78 Г 120000354523 2 0.41 Дост: Pk Вид: Ф N: стар фонд Дата: 01.01.1983 Дата инв: 13.11.2017 Бележки инв: К2017 Книги
  Не е изгубен Universal Decimal Classification Не е повреден без рестрикции ползва се в читалня 135945 Регионална библиотека "Любен Каравелов" Русе Регионална библиотека "Любен Каравелов" Русе Краезнание 1983-01-01 Краезнание 0.80 354524 К 329(092)/Д 58 Г 120000354524 3 0.41 Дост: Pk Вид: Ф N: стар фонд Дата: 01.01.1983 Дата инв: 13.11.2017 Бележки инв: К2017 Книги
Vip Innovations Ltd, Rousse, Bulgaria 2025